000 00959nam a2200289 a 4500
001 000024285
003 DO-SdBNP
005 20250410123554.0
008 110125s1972 sp r 000 | spa d
040 _aDO-SdBNP
_bspa
_cBNPHU
082 4 _a330.122
_bC877c
_222
100 1 _aCox, Oliver C.
_949849
245 1 3 _aEl capitalismo como sistema /
_cOliver C. Cox ; versión castellana de Fernando Santos Fontenla.
260 _aMadrid, España :
_bEditorial Fundamentos,
_c1972.
300 _a380 p. :
_bil. ;
_c20 cm.
490 1 _aCiencia
_v17
490 1 _aEconomía
500 _aIncluye referencias bibliográficas y notas al pie de las páginas
500 _aIncluye notas al pie de páginas
500 _aIncluye colección de títulos
650 0 _aCapitalismo
_9280
650 4 _aSistemas económicos
_97422
650 4 _aTecnocrácia
_933680
700 1 _aSantos Fontenla, Fernando
_948628
830 0 _aEconomía
_92914
942 _2ddc
_cLBS1
999 _c23779
_d23779